| 000 | 01347nam a22002657a 4500 | ||
|---|---|---|---|
| 005 | 20170124103138.0 | ||
| 010 | _aB-134425 | ||
| 020 |
_c00.00 _a8170750695 |
||
| 035 | _aB-134425 | ||
| 037 | _bCen Lib/Ret | ||
| 040 |
_aDPL _bHN |
||
| 082 |
_a305.56 _bग़रीबों |
||
| 245 |
_aग़रीबों की आवाजें अनेक देशों से / _cसम्पादन दीपा नारायण [और] पटटी पेटेस्क |
||
| 246 |
_aGareebon ki awazen anek deshon se / _bsampadan Deepa Narayan [aur] Patti Petesk |
||
| 260 |
_bहिंदुस्तान पब्लिशिंग हाउस _c2002 _aनयी दिल्ली |
||
| 270 |
_a4805/24, भरत राम रोड, दरिया गंज _bनयी दिल्ली _e110002 |
||
| 300 |
_axvii,499पृ. _c22सेमी(सजिल्द) |
||
| 650 |
_aगरीब -- समस्याएँ और प्राथमिकताएँ _985188 |
||
| 650 |
_aगरीब -- बेरोज़गारी _9119 |
||
| 650 |
_aPoor - Problems and Priorities _985189 |
||
| 650 |
_aPoor - unemployment _985190 |
||
| 700 |
_aनारायण, दीपा _985191 |
||
| 700 |
_aपेटेस्क, पटटी _985192 |
||
| 942 |
_2ddc _cHN _h305.56 _mग़रीबों |
||
| 999 |
_c119485 _d119485 |
||